• 首页
  • 本馆介绍
  • 公告通知
  • 最新文献
  • 馆藏检索
  • 电子资源
  • 读者导购
  • 参考咨询
  • 我的图书馆
  • 登录
  • 详细信息显示
  • 放入我的书架
  • 预约/预借图书
  • 作者相关作品
  • 分类相关作品
  • 丛书相关作品
  • 出版社相关作品

书目信息

  • 表格格式
  • 工作单格式
  • 卡片格式
题名:
线性代数
    
 
作者: ;南京大学数学系计算数学专业 编
分册:  
出版信息: 北京   科学出版社  1978
页数: 201页
开本: 19cm
丛书名: 计算数学讲义
单 册:
中图分类: O241.6
科图分类:
主题词: 线性代数 , 计算数学
电子资源:
ISBN:
000 00823nam0 2200265 45
001 0178005779
005 20070923104409.29
010    @dCNY0.68
091    @aCN@b13031.806
100    @a19950726d1978 em y0chiy0121 ea
101 0  @achi
102    @aCN@b110000
105    @ay z 000yy
200 10 @a线性代数@Axian xing dai shu@f南京大学数学系计算数学专业编@Fnan jing da xue shu xue xi ji suan shu xue zhuan ye bian
210    @a北京@c科学出版社@d1978
215    @a201页@d19cm
225 2  @a计算数学讲义@i数学基础之一
410  0 @12001 @a计算数学讲义
410  0 @12001 @a数学基础之一
606    @a线性代数
606 0  @a计算数学
690    @aO241.6@v4
711 02 @a南京大学数学系计算数学专业@Anan jing da xue shu xue xi ji suan shu xue zhuan ye@4编
801  0 @aCN@bTSSF@c20070923
905    @a10447@dO241.6@e112
    
    线性代数/南京大学数学系计算数学专业编.-北京:科学出版社,1978
    201页;19cm.-(计算数学讲义.数学基础之一)
    
    
    ISBN :CNY0.68
    
●
相关链接 在E读中查询图书 在五车中查询图书 在当当中查询图书 在豆瓣中查询图书


正题名:线性代数     索取号:O241.6/112         预约/预借

序号 登录号 条形码 馆藏地/架位号 状态 备注
1 0000204   202213014   密集书库/ [索取号:O241.6/112] 在馆    
2 0000205   202203533   密集书库/ [索取号:O241.6/112] 在馆    
3 0000206   202203490   密集书库/ [索取号:O241.6/112] 在馆    
4 0000207   202278702   密集书库/ [索取号:O241.6/112] 在馆    
5 0000208   202272897   密集书库/ [索取号:O241.6/112] 在馆    
6 0000209   202246168   密集书库/ [索取号:O241.6/112] 在馆    
7 0000210   202271754   密集书库/ [索取号:O241.6/112] 在馆    
8 0000211   202325876   密集书库/ [索取号:O241.6/112] 在馆    
9 0000212   202325867   密集书库/ [索取号:O241.6/112] 在馆    
10 0000213   202187677   密集书库/ [索取号:O241.6/112] 在馆    
11 0000214   202187686   密集书库/ [索取号:O241.6/112] 在馆    
12 0000215   202327302   密集书库/ [索取号:O241.6/112] 在馆    
13 0000216   202327277   密集书库/ [索取号:O241.6/112] 在馆    
14 0000217   202213087   密集书库/ [索取号:O241.6/112] 在馆    
15 0000218   001445225   密集书库/ [索取号:O241.6/112] 在馆    
16 0000219   001445181   密集书库/ [索取号:O241.6/112] 在馆    
17 0000220   202203365   密集书库/ [索取号:O241.6/112] 在馆    
18 0000221   202272281   密集书库/ [索取号:O241.6/112] 在馆    
19 0000222   202213050   密集书库/ [索取号:O241.6/112] 在馆    
20 0003627   202272245   密集书库/ [索取号:O241.6/112] 在馆    
21 0003628   202208609   密集书库/ [索取号:O241.6/112] 在馆    
22 0003629   202213096   密集书库/ [索取号:O241.6/112] 在馆    
23 0003630   202213041   密集书库/ [索取号:O241.6/112] 在馆    
24 0003631   202203542   密集书库/ [索取号:O241.6/112] 在馆    
25 0003632   202271610   密集书库/ [索取号:O241.6/112] 在馆    
26 0003705   202325830   密集书库/ [索取号:O241.6/112] 在馆    
27 0003706   001445118   密集书库/ [索取号:O241.6/112] 在馆    
28 0429716   204297162   密集书库/ [索取号:O241.6/112] 在馆    
29 0429717   204297171   密集书库/ [索取号:O241.6/112] 在馆    
30 0431566   204315669   密集书库/ [索取号:O241.6/112] 在馆    
31 0431567   204315678   密集书库/ [索取号:O241.6/112] 在馆    
32 0431568   204315687   密集书库/ [索取号:O241.6/112] 在馆    
33 0609357   206093573   密集书库/ [索取号:O241.6/112] 在馆    
34 0624574   206245749   密集书库/ [索取号:O241.6/112] 在馆    
35 0766832   207668326   密集书库/ [索取号:O241.6/112] 在馆    
唐山师范学院图书馆 欢迎您!
大连网信软件有限公司© 版权所有